[Event "C'Chartres Blitz op April"]
[Site "Europe Echecs INT"]
[Date "2021.04.10"]
[Round "4"]
[White "Guenin, Pierre"]
[Black "Grolleau, Matteo"]
[Result "0-1"]
[WhiteElo "1392"]
[BlackElo "1804"]
[PlyCount "76"]
[EventDate "2021.04.10"]
[EventType "swiss (blitz)"]
[EventRounds "11"]
[EventCountry "FRA"]
[SourceTitle "CBM 201 Extra"]
[Source "ChessBase"]
[SourceDate "2021.05.31"]
[SourceVersion "1"]
[SourceVersionDate "2021.05.31"]
[SourceQuality "1"]

1. e4 e5 2. Nf3 Nf6 3. d3 Nc6 4. c3 Bc5 5. Be2 d6 6. 0-0 h6 7. b4 Bb6 8. Be3 0-0 9. Bxb6 axb6 10. Na3 Rxa3 11. Qc1 Ra8 12. a4 Bg4 13. a5 bxa5 14. bxa5 Rxa5 15. Rxa5 Nxa5 16. Qd2 Nc6 17. c4 Bxf3 18. Bxf3 Nd4 19. Bd1 Nd7 20. f4 f6 21. f5 Nc5 22. Qf2 Qe8 23. Qg3 Qf7 24. h4 Ra8 25. h5 Ra2 26. Rf2 Rxf2 27. Qxf2 Nxd3 28. Qd2 Nc5 29. Qa5 b6 30. Qa8+ Qf8 31. Qd5+ Kh7 32. Bg4 Qe8 33. Qb7 Qc6 34. Qc8 Qxe4 35. Bh3 Qe1+ 36. Kh2 Qf2 37. Qe8 Nf3+ 38. Kh1 Qf1# 0-1

[Event "FIDE World Uni Blitz-D 1st"]
[Site "Tornelo INT"]
[Date "2021.03.13"]
[Round "10.20"]
[White "Grolleau, Matteo"]
[Black "Medvedyk, Volodymyr"]
[Result "1-0"]
[WhiteElo "1804"]
[BlackElo "2159"]
[PlyCount "55"]
[EventDate "2021.03.13"]
[EventType "swiss (blitz)"]
[EventRounds "10"]
[EventCountry "NET"]
[SourceTitle "EXT 2022"]
[Source "ChessBase"]
[SourceDate "2021.10.06"]
[SourceVersion "1"]
[SourceVersionDate "2021.10.06"]
[SourceQuality "1"]

1. e4 c5 2. c3 d5 3. exd5 Qxd5 4. d4 g6 5. Nf3 Bg7 6. Be3 cxd4 7. cxd4 Nf6 8. Nc3 Qd8 9. Bc4 0-0 10. 0-0 Nc6 11. h3 Na5 12. Be2 Be6 13. Ng5 Bc4 14. Re1 Bxe2 15. Qxe2 Rc8 16. Rad1 e6 17. Bc1 Nc4 18. Rd3 a6 19. Red1 Nd5 20. Nxe6 Nxc3 21. Rxc3 Qe8 22. Rxc4 fxe6 23. Re1 Rf6 24. Bg5 Rxc4 25. Bxf6 Rc6 26. Bxg7 Kxg7 27. d5 Rd6 28. Qe5+ 1-0

[Event "Cappelle Online Bullet op"]
[Site "Europe Echecs INT"]
[Date "2021.03.05"]
[Round "7"]
[White "Benmesbah, Natacha"]
[Black "Grolleau, Matteo"]
[Result "1-0"]
[WhiteElo "2223"]
[BlackElo "1804"]
[PlyCount "73"]
[EventDate "2021.03.05"]
[EventType "swiss (blitz)"]
[EventRounds "15"]
[EventCountry "FRA"]
[SourceTitle "EXT 2022"]
[Source "ChessBase"]
[SourceDate "2021.10.06"]
[SourceVersion "1"]
[SourceVersionDate "2021.10.06"]
[SourceQuality "1"]

1. e4 e5 2. Nf3 Nf6 3. Nxe5 d6 4. Nf3 Nxe4 5. d3 Nf6 6. d4 Be7 7. Bd3 0-0 8. c4 Nc6 9. 0-0 d5 10. h3 dxc4 11. Bxc4 Bf5 12. Nc3 Ne4 13. d5 Nxc3 14. bxc3 Na5 15. Bb3 Nxb3 16. axb3 Be4 17. c4 Bf6 18. Ra2 Qd6 19. Ba3 c5 20. dxc6 Qxd1 21. Rxd1 Rfb8 22. c7 Rc8 23. Bd6 Bxf3 24. gxf3 a5 25. Rd5 b6 26. Rb5 Bd4 27. Rd2 Bc3 28. Rdd5 a4 29. bxa4 Rxa4 30. Rxb6 Ra1+ 31. Kg2 Raa8 32. Rdb5 Bf6 33. Rb8 g6 34. Rxa8 Rxa8 35. Rb8+ Rxb8 36. cxb8Q+ Kg7 37. Qf8# 1-0

[Event "Cappelle Online Bullet op"]
[Site "Europe Echecs INT"]
[Date "2021.03.05"]
[Round "10"]
[White "Grolleau, Matteo"]
[Black "Ballester, Alexandre"]
[Result "1-0"]
[WhiteElo "1804"]
[BlackElo "2099"]
[PlyCount "53"]
[EventDate "2021.03.05"]
[EventType "swiss (blitz)"]
[EventRounds "15"]
[EventCountry "FRA"]
[SourceTitle "EXT 2022"]
[Source "ChessBase"]
[SourceDate "2021.10.06"]
[SourceVersion "1"]
[SourceVersionDate "2021.10.06"]
[SourceQuality "1"]

1. e4 c5 2. c3 d6 3. d4 cxd4 4. cxd4 g6 5. Nc3 Bg7 6. Nf3 Nf6 7. Be3 0-0 8. Bd3 Ng4 9. Bf4 e5 10. dxe5 dxe5 11. Bg3 Nc6 12. 0-0 Be6 13. h3 Nh6 14. Bb5 Qb8 15. Qa4 a6 16. Bxc6 bxc6 17. Qxc6 Rc8 18. Qa4 Qxb2 19. Rac1 Rxc3 20. Rxc3 Qxc3 21. Rb1 a5 22. Rb7 Rc8 23. Qb5 f6 24. Qb6 Nf7 25. Qxe6 Qc1+ 26. Kh2 Qc6 27. Qxf7+ 1-0

[Event "Cappelle Online Bullet op"]
[Site "Europe Echecs INT"]
[Date "2021.03.05"]
[Round "6"]
[White "Grolleau, Matteo"]
[Black "Karavaeva, Olga"]
[Result "1-0"]
[WhiteElo "1804"]
[BlackElo "2260"]
[PlyCount "93"]
[EventDate "2021.03.05"]
[EventType "swiss (blitz)"]
[EventRounds "15"]
[EventCountry "FRA"]
[SourceTitle "EXT 2022"]
[Source "ChessBase"]
[SourceDate "2021.10.06"]
[SourceVersion "1"]
[SourceVersionDate "2021.10.06"]
[SourceQuality "1"]

1. e4 c5 2. c3 e6 3. d4 cxd4 4. cxd4 d6 5. Nc3 Nf6 6. Nf3 Be7 7. Bf4 0-0 8. h3 Nbd7 9. Bd3 a6 10. 0-0 b5 11. a3 Bb7 12. Bc2 Rc8 13. Re1 h6 14. Qd3 e5 15. dxe5 Nc5 16. Qd1 dxe5 17. Qxd8 Rcxd8 18. Bxe5 Rfe8 19. b4 Ncd7 20. Bb3 Nxe5 21. Nxe5 Bd6 22. Nxf7 Kh7 23. Nxd8 Rxd8 24. Nd5 Be5 25. Nxf6+ gxf6 26. Rad1 Rc8 27. Rd7+ Kg6 28. Rxb7 Rc3 29. Bf7+ Kg5 30. g3 h5 31. f4+ Bxf4 32. gxf4+ Kxf4 33. Rb6 Kg5 34. Rxa6 Rxh3 35. Kf2 Rh2+ 36. Kg3 Rb2 37. Rf1 h4+ 38. Kh3 Rb3+ 39. Kg2 Rb2+ 40. Rf2 h3+ 41. Kf1 Rb1+ 42. Ke2 Rb2+ 43. Kf3 Rb3+ 44. Ke2 Rb2+ 45. Ke3 Rb3+ 46. Kd4 Rb2 47. Rxb2 1-0

[Event "Cappelle Online Bullet op"]
[Site "Europe Echecs INT"]
[Date "2021.03.05"]
[Round "14"]
[White "Grolleau, Matteo"]
[Black "Saya, Ethan"]
[Result "0-1"]
[WhiteElo "1804"]
[BlackElo "2230"]
[PlyCount "110"]
[EventDate "2021.03.05"]
[EventType "swiss (blitz)"]
[EventRounds "15"]
[EventCountry "FRA"]
[SourceTitle "EXT 2022"]
[Source "ChessBase"]
[SourceDate "2021.10.06"]
[SourceVersion "1"]
[SourceVersionDate "2021.10.06"]
[SourceQuality "1"]

1. e4 h6 2. d4 g6 3. Bc4 Bg7 4. Be3 d6 5. Qd2 Nf6 6. Nc3 Nbd7 7. Nge2 e5 8. dxe5 Nxe5 9. Bb3 Be6 10. h3 Nc4 11. Bxc4 Bxc4 12. 0-0 Bxe2 13. Qxe2 0-0 14. f4 Kh7 15. Rad1 Qe7 16. Bd4 Rae8 17. e5 dxe5 18. fxe5 Nd7 19. Rfe1 Bxe5 20. Bxe5 Nxe5 21. Nd5 Qc5+ 22. Kh1 c6 23. Nf6+ Kg7 24. Nxe8+ Rxe8 25. Rd7 Nxd7 26. Qxe8 Nf6 27. Qe5 Qxc2 28. Qc3 Qxc3 29. bxc3 Nd5 30. c4 Nb6 31. c5 Nd5 32. Rb1 b6 33. cxb6 axb6 34. Rc1 c5 35. Kg1 Kf6 36. Kf2 Ke6 37. Ke2 Nf4+ 38. Kf3 Nd5 39. Rd1 Nb4 40. Re1+ Kd6 41. a3 Nc2 42. Rb1 Kc6 43. a4 Nd4+ 44. Ke4 Ne6 45. Ke5 h5 46. Kf6 Nf4 47. Kxf7 g5 48. Kf6 Nd5+ 49. Kxg5 Ne3 50. Kxh5 Nf5 51. Rd1 Nd4 52. Rd3 Kb7 53. Rxd4 Kb8 54. g4 Ka8 55. Kg6 Ka7 0-1

[Event "FRA-ch U14"]
[Site "Nimes"]
[Date "2012.04.15"]
[Round "2"]
[White "Grolleau, Matteo"]
[Black "Veys, Vincent"]
[Result "0-1"]
[WhiteElo "1669"]
[BlackElo "1961"]
[PlyCount "49"]
[EventDate "2012.04.14"]
[EventType "swiss"]
[EventRounds "9"]
[EventCountry "FRA"]
[SourceTitle "CBM 148 Extra"]
[Source "ChessBase"]
[SourceDate "2012.06.22"]
[SourceVersion "1"]
[SourceVersionDate "2012.06.22"]
[SourceQuality "1"]

1. e4 e5 2. Nf3 Nc6 3. Bb5 a6 4. Ba4 Nf6 5. 0-0 b5 6. Bb3 Bc5 7. d3 d6 8. Nc3 h6 9. h3 0-0 10. Bd2 Ne7 11. Re1 Ng6 12. Nd5 Be6 13. Nxf6+ Qxf6 14. Bxe6 fxe6 15. Be3 Ba7 16. Bxa7 Rxa7 17. Re3 c5 18. g3 d5 19. exd5 exd5 20. Qe2 d4 21. Rxe5 Nxe5 22. Nxe5 Qe6 23. Re1 Re7 24. Kg2 Qd5+ 25. Qe4 0-1